Mechanics of materials (Record no. 6027)

000 -LEADER
fixed length control field 00600nam a2200229 i 4500
001 - CONTROL NUMBER
control field 6027
003 - CONTROL NUMBER IDENTIFIER
control field BD-DhUET
008 - FIXED-LENGTH DATA ELEMENTS--GENERAL INFORMATION
fixed length control field 770505s1978 nyua 001 0 eng
040 ## - CATALOGING SOURCE
Original cataloging agency DLC
Transcribing agency DLC
Modifying agency BD-DhUET
082 00 - DEWEY DECIMAL CLASSIFICATION NUMBER
Classification number 620.11
Item number HIG/1978
100 ## - MAIN ENTRY--PERSONAL NAME
Personal name Higdon, Archie
245 00 - TITLE STATEMENT
Title Mechanics of materials
250 ## - EDITION STATEMENT
Edition statement 3rd ed.
260 ## - PUBLICATION, DISTRIBUTION, ETC. (IMPRINT)
Place of publication, distribution, etc. New York
Name of publisher, distributor, etc. John Wiley and Sons
Date of publication, distribution, etc. 1978
300 ## - PHYSICAL DESCRIPTION
Extent xiv, 752 p.
Other physical details ill.
Dimensions 24 cm.
504 ## - BIBLIOGRAPHY, ETC. NOTE
Bibliography, etc Includes bibliographies
650 #0 - SUBJECT ADDED ENTRY--TOPICAL TERM
Topical term or geographic name as entry element Strength of materials
700 ## - ADDED ENTRY--PERSONAL NAME
Personal name Ohlsen, Wdward H.
700 ## - ADDED ENTRY--PERSONAL NAME
Personal name Stiles , William B.
700 ## - ADDED ENTRY--PERSONAL NAME
Personal name Weese, John A.
942 ## - ADDED ENTRY ELEMENTS (KOHA)
Koha item type General Book
Holdings
Sublocation or collection (holding branch) Source of classification or shelving scheme Withdrawn status Not for loan Location (home branch) Koha renewals Koha date last seen Copy number Koha full call number Koha normalized classification for sorting Koha issues (times borrowed) Koha collection Date acquired Koha item type Damaged status Shelving location Piece designation (barcode) Lost status Price effective from Koha date last borrowed
Central Library, BUET   Central Library, BUET 2014-11-297620.11/HIG/1978620_110000000000000_HIG_1978  2014-11-29General Book Circulation section61731 2014-11-29 
Central Library, BUET   Central Library, BUET 2014-12-022620.11/HIG/1978620_110000000000000_HIG_1978  2014-12-02General Book Circulation section61725 2014-12-02 
Central Library, BUET   Central Library, BUET 2014-12-023620.11/HIG/1978620_110000000000000_HIG_1978  2014-12-02General Book Circulation section61733 2014-12-02 
Central Library, BUET   Central Library, BUET12024-02-134620.11/HIG/1978620_000000000000000_11HIG19781 2014-12-02General Book Circulation section61727 2014-12-022019-02-27
Central Library, BUET   Central Library, BUET 2014-12-025620.11/HIG/1978620_110000000000000_HIG_1978  2014-12-02General Book Circulation section61726 2014-12-02 
Central Library, BUET   Central Library, BUET 2014-12-026620.11/HIG/1978620_000000000000000_11HIG1978  2014-12-02General Book Circulation section61728 2014-12-02 
Central Library, BUET   Central Library, BUET 2014-12-021620.11/HIG/1978620_000000000000000_11HIG1978  2014-12-02General Book Circulation section61730 2014-12-02 
Central Library, BUET   Central Library, BUET 2014-12-028620.11/HIG/1978620_000000000000000_11HIG1978  2014-12-02General Book Circulation section61732 2014-12-02 
Central Library, BUET   Central Library, BUET 2015-01-109620.11/HIG/1978620_110000000000000_HIG_1978  2015-01-10General Book Circulation section61729 2015-01-10 
Central Library, BUET   Central Library, BUET 2015-01-2810620.11/HIG/1978620_110000000000000_HIG_1978 Non Fiction2015-01-28General Book Circulation section61734 2015-01-28